Drop a T Quiz Stats

Quiz Updated Apr 5, 2016

Also try: Drop a J
Challenge
Share
Tweet
Embed
Score 0/15 Timer 03:00
15 Plays Today
% Correct
SIGHTING
92.1%
THOUGHT
92%
DOUGHTY
91.5%
PLEATS
90.2%
TENSEST
81.5%
CONDUCTIVE
80.8%
TESTATE
80.8%
TILLER
77.2%
% Correct
ACUTEST
62.3%
PATTEN
48.8%
HEIGHT
47.2%
BASEMENT
45.3%
WATT
44.8%
AURIST
39.9%
PLACEMENT
28.1%

You're not logged in!

Compare scores with friends on all Sporcle quizzes.
Sign Up with Email
OR
Log In

You Might Also Like...

Show Comments

Extras

Top Quizzes Today


Score Distribution

Your Account Isn't Verified!

In order to create a playlist on Sporcle, you need to verify the email address you used during registration. Go to your Sporcle Settings to finish the process.